Online Catalogue and eLibrary

Asian capitalists in the European mirror (Record no. 2760)

MARC details
000 -LEADER
fixed length control field 00432nam a2200169Ia 4500
005 - DATE AND TIME OF LATEST TRANSACTION
control field 20240521045802.0
008 - FIXED-LENGTH DATA ELEMENTS--GENERAL INFORMATION
fixed length control field 240331s9999 xx 000 0 und d
020 ## - INTERNATIONAL STANDARD BOOK NUMBER
ISBN 905383270x
082 ## - DDC Classification
Item Number - Author Mark RUT
Class No. 338
100 ## - MAIN ENTRY--PERSONAL NAME
Personal name Rutten, Mario
245 #0 - TITLE STATEMENT
Title Asian capitalists in the European mirror
Statement of responsibility, etc. Mario, Ruttan
260 ## - PUBLICATION, DISTRIBUTION, ETC.
Place of publication, distribution, etc. Amsterdam
Name of publisher, distributor, etc. VU University Press
Date of publication, distribution, etc. 1994
300 ## - PHYSICAL DESCRIPTION
Extent (e.g. Volumes, Pages etc.) 65 p .,
650 ## - SUBJECT ADDED ENTRY--TOPICAL TERM
Topical term or geographic name entry element Social
650 ## - SUBJECT ADDED ENTRY--TOPICAL TERM
Topical term or geographic name entry element History
942 ## - Koha item type (Biblio)
Koha item type Books in Stacks (Lending)
Holdings
Lost status Damaged status Collection code Home library Current library Shelving location Date acquired Full call number Accession Number Item type
    Lending WERC Library WERC Library Social Science Cupboard 03/31/2024 338 RUT 3112 Books in Stacks (Lending)

© WERC Library